000 00202 a2200097 4500
001 2519
100 _aGreen, W
245 _aThe Aircraft of the World
260 _a
_bMacdonald
_c
090 _c1816
_d1816
942 _aNUST-CAE
_cM
_c9069
999 _c237592
_d237592